[Event "Hessen-ch Seniors op 11th"]
[Site "Bad Sooden-Allendorf"]
[Date "2015.05.17"]
[Round "9"]
[White "Mertens, Gottfried"]
[Black "Dietzsch, Dietmar"]
[Result "0-1"]
[WhiteElo "1898"]
[BlackElo "2021"]
[PlyCount "69"]
[EventDate "2015.05.09"]
[EventType "swiss"]
[EventRounds "9"]
[EventCountry "GER"]
[SourceTitle "EXT 2018"]
[Source "ChessBase"]
[SourceDate "2017.10.13"]
[SourceVersion "1"]
[SourceVersionDate "2017.10.13"]
[SourceQuality "1"]

1. f4 d5 2. Nf3 g6 3. g3 Bg7 4. Bg2 c6 5. d4 Nf6 6. Nc3 0-0 7. 0-0 Bf5 8. Re1 Nbd7 9. h3 Ne4 10. g4 Nxc3 11. bxc3 Be4 12. Ba3 Re8 13. e3 Qa5 14. Bb4 Qa4 15. Re2 a5 16. Ne5 Nxe5 17. Bxe4 dxe4 18. fxe5 axb4 19. cxb4 Qxb4 20. Rb1 Qc4 21. Rxb7 Rxa2 22. Qd2 Qa6 23. Rb1 Qa5 24. Qxa5 Rxa5 25. Rb6 c5 26. c3 Rc8 27. g5 cxd4 28. cxd4 Ra1+ 29. Kf2 Rac1 30. e6 f6 31. gxf6 Bxf6 32. d5 Be5 33. Rb4 R1c4 34. Rb7 Bd6 35. Rd7 0-1

[Event "Hessen-ch Seniors op 11th"]
[Site "Bad Sooden-Allendorf"]
[Date "2015.05.12"]
[Round "4"]
[White "Dietzsch, Dietmar"]
[Black "Van Houten, Henk"]
[Result "1/2-1/2"]
[WhiteElo "2021"]
[BlackElo "1791"]
[PlyCount "102"]
[EventDate "2015.05.09"]
[EventType "swiss"]
[EventRounds "9"]
[EventCountry "GER"]
[SourceTitle "EXT 2018"]
[Source "ChessBase"]
[SourceDate "2017.10.13"]
[SourceVersion "1"]
[SourceVersionDate "2017.10.13"]
[SourceQuality "1"]

1. d4 d5 2. Nf3 Nf6 3. e3 e6 4. Bd3 Be7 5. 0-0 0-0 6. b3 Nbd7 7. Bb2 Re8 8. Ne5 c6 9. Nd2 Nf8 10. f4 N6d7 11. Rf3 f5 12. Rh3 Nxe5 13. fxe5 Bg5 14. Qe2 h6 15. Rf1 Nh7 16. g4 Rf8 17. gxf5 exf5 18. Ba3 Rf7 19. Bd6 Be6 20. Qh5 Nf8 21. Qe2 Nh7 22. Rhf3 g6 23. c4 Bh4 24. Rc1 Ng5 25. Rff1 Nh3+ 26. Kh1 dxc4 27. Bxc4 Bxc4 28. bxc4 Be7 29. c5 Bxd6 30. cxd6 Ng5 31. Qg2 Rg7 32. d5 Nf7 33. dxc6 bxc6 34. Nc4 Qd7 35. Rfd1 Nd8 36. Na5 Rc8 37. Qb2 Qe6 38. Rc5 Rd7 39. Rdc1 Kh7 40. Nxc6 Rxc6 41. Rxc6 Nxc6 42. Rxc6 Qd5+ 43. Qg2 Qxe5 44. Qf3 Qa1+ 45. Kg2 Qxa2+ 46. Kh3 Qe6 47. Qf4 g5 48. Qd4 f4+ 49. Kg2 f3+ 50. Kg3 Kg6 51. Qd3+ Kh5 1/2-1/2

[Event "Hessen-ch Seniors op 11th"]
[Site "Bad Sooden-Allendorf"]
[Date "2015.05.10"]
[Round "2"]
[White "Dietzsch, Dietmar"]
[Black "Baum, Bernd"]
[Result "0-1"]
[WhiteElo "2021"]
[BlackElo "2318"]
[PlyCount "70"]
[EventDate "2015.05.09"]
[EventType "swiss"]
[EventRounds "9"]
[EventCountry "GER"]
[SourceTitle "EXT 2018"]
[Source "ChessBase"]
[SourceDate "2017.10.13"]
[SourceVersion "1"]
[SourceVersionDate "2017.10.13"]
[SourceQuality "1"]

1. d4 d5 2. Nf3 Nf6 3. e3 g6 4. c4 Bg7 5. Nc3 0-0 6. Bd3 c5 7. dxc5 dxc4 8. Bxc4 Qa5 9. 0-0 Qxc5 10. Bb3 Nc6 11. e4 b6 12. Be3 Qh5 13. Qc1 Bb7 14. h3 Rac8 15. Bd1 Qa5 16. Bd2 Qc5 17. Be3 Qd6 18. Bc2 Qb8 19. Bh6 Nb4 20. Bxg7 Kxg7 21. Re1 Rfd8 22. a3 Nd3 23. Bxd3 Rxd3 24. Qg5 Rc5 25. e5 Nd7 26. Rad1 Rxd1 27. Rxd1 Nxe5 28. Qxe7 Nxf3+ 29. gxf3 Re5 30. Qh4 Bxf3 31. Qd4 f6 32. Qd7+ Kh6 33. Qd2+ Rg5+ 34. Kf1 Qh2 35. Ne2 Qh1+ 0-1

[Event "GER-chT Seniors 23rd"]
[Site "Bergen"]
[Date "2014.09.05"]
[Round "6.3"]
[White "Dietzsch, Dietmar"]
[Black "Pamperin, Gerhard"]
[Result "1-0"]
[WhiteElo "2002"]
[BlackElo "1947"]
[PlyCount "61"]
[EventDate "2014.09.01"]
[EventType "team-swiss"]
[EventRounds "7"]
[EventCountry "GER"]
[SourceTitle "EXT 2018"]
[Source "ChessBase"]
[SourceDate "2017.10.13"]
[SourceVersion "1"]
[SourceVersionDate "2017.10.13"]
[SourceQuality "1"]

1. d4 d5 2. c4 e6 3. Nc3 Nf6 4. cxd5 exd5 5. Bg5 Be7 6. Qc2 0-0 7. e3 Be6 8. Bd3 Nbd7 9. Nge2 c5 10. Nf4 cxd4 11. exd4 Qb6 12. 0-0 h6 13. Nxe6 fxe6 14. Be3 Bd6 15. Qe2 Rae8 16. f4 Bb8 17. Rf2 a6 18. Qf3 Qd6 19. g4 Nh7 20. Qh3 Ndf6 21. g5 hxg5 22. fxg5 Ne4 23. Nxe4 dxe4 24. Bxe4 Nxg5 25. Bxg5 Rxf2 26. Qh7+ Kf8 27. Kxf2 Qxd4+ 28. Kf3 Be5 29. Rf1 Qxb2 30. Kg4+ Bf6 31. Rxf6+ 1-0

[Event "GER-chT Seniors 23rd"]
[Site "Bergen"]
[Date "2014.09.04"]
[Round "5.3"]
[White "Burger, Heinrich"]
[Black "Dietzsch, Dietmar"]
[Result "1/2-1/2"]
[WhiteElo "2097"]
[BlackElo "2002"]
[PlyCount "28"]
[EventDate "2014.09.01"]
[EventType "team-swiss"]
[EventRounds "7"]
[EventCountry "GER"]
[SourceTitle "EXT 2018"]
[Source "ChessBase"]
[SourceDate "2017.10.13"]
[SourceVersion "1"]
[SourceVersionDate "2017.10.13"]
[SourceQuality "1"]

1. d4 d5 2. Nf3 Nf6 3. g3 c6 4. Bg2 Bg4 5. 0-0 Nbd7 6. b3 Bxf3 7. Bxf3 e5 8. dxe5 Nxe5 9. Bg2 Bd6 10. Bb2 0-0 11. Nd2 Qe7 12. a4 a5 13. Nf3 Nxf3+ 14. Bxf3 Be5 1/2-1/2

[Event "GER-chT Seniors 23rd"]
[Site "Bergen"]
[Date "2014.09.02"]
[Round "2.3"]
[White "Dietzsch, Dietmar"]
[Black "Borchert, Ulf"]
[Result "1/2-1/2"]
[WhiteElo "2002"]
[BlackElo "2020"]
[PlyCount "22"]
[EventDate "2014.09.01"]
[EventType "team-swiss"]
[EventRounds "7"]
[EventCountry "GER"]
[SourceTitle "EXT 2018"]
[Source "ChessBase"]
[SourceDate "2017.10.13"]
[SourceVersion "1"]
[SourceVersionDate "2017.10.13"]
[SourceQuality "1"]

1. d4 e6 2. Nf3 b6 3. e3 Bb7 4. Bd3 d5 5. 0-0 Bd6 6. Nbd2 Nf6 7. b3 0-0 8. Ne5 Ne4 9. c4 Nxd2 10. Qxd2 Nd7 11. Nxd7 Qxd7 1/2-1/2

[Event "GER-chA Seniors 26th"]
[Site "Bad Neuenahr"]
[Date "2014.08.09"]
[Round "5"]
[White "Plewka, Manfred"]
[Black "Dietzsch, Dietmar"]
[Result "1/2-1/2"]
[WhiteElo "1952"]
[BlackElo "1993"]
[PlyCount "53"]
[EventDate "2014.08.05"]
[EventType "swiss"]
[EventRounds "9"]
[EventCountry "GER"]
[SourceTitle "EXT 2018"]
[Source "ChessBase"]
[SourceDate "2017.10.13"]
[SourceVersion "1"]
[SourceVersionDate "2017.10.13"]
[SourceQuality "1"]

1. e4 d5 2. exd5 Qxd5 3. Nc3 Qa5 4. d4 Nf6 5. Nf3 Bf5 6. Bd2 e6 7. Bc4 Bb4 8. a3 Bxc3 9. Bxc3 Qb6 10. Bd3 Bxd3 11. Qxd3 Nc6 12. 0-0-0 0-0-0 13. Rhe1 Rd7 14. Qe2 Rhd8 15. Ne5 Nxe5 16. dxe5 Rxd1+ 17. Rxd1 Nd5 18. Be1 Qc6 19. Qh5 Qc4 20. Kb1 g6 21. Qf3 Rd7 22. b3 Qf4 23. Qxf4 Nxf4 24. Rxd7 Kxd7 25. g3 Nd5 26. c4 Ne7 27. Kc2 1/2-1/2

[Event "Hessen-ch Seniors op 10th"]
[Site "Bad Sooden-Allendorf"]
[Date "2014.05.04"]
[Round "9"]
[White "Riek, Wolfgang"]
[Black "Dietzsch, Dietmar"]
[Result "1/2-1/2"]
[WhiteElo "2011"]
[BlackElo "1963"]
[PlyCount "114"]
[EventDate "2014.04.26"]
[EventType "swiss"]
[EventRounds "9"]
[EventCountry "GER"]
[SourceTitle "EXT 2018"]
[Source "ChessBase"]
[SourceDate "2017.10.13"]
[SourceVersion "1"]
[SourceVersionDate "2017.10.13"]
[SourceQuality "1"]

1. Nf3 Nf6 2. d4 d5 3. c4 c6 4. cxd5 cxd5 5. Nc3 Nc6 6. Bf4 Bf5 7. e3 e6 8. Qb3 Bb4 9. Bb5 Bxc3+ 10. Qxc3 Rc8 11. Qa3 a6 12. Bxc6+ Rxc6 13. 0-0 Nh5 14. Ne5 Rc2 15. g4 f6 16. gxf5 fxe5 17. Qa4+ Rc6 18. dxe5 b5 19. Qd1 Qh4 20. Bg3 Nxg3 21. hxg3 Qe4 22. fxe6 Rxe6 23. Rc1 0-0 24. Qd4 Qf3 25. Rc5 Rd8 26. Qf4 Qh5 27. Rfc1 Qe8 28. Kg2 Rxe5 29. Rh1 Re4 30. Qf5 g6 31. Qf6 Re6 32. Qd4 Re4 33. Qf6 Re6 34. Qd4 Re4 35. Qf6 Re6 36. Qh4 Rd7 37. Rhc1 Red6 38. Rc8 Rd8 39. R1c7 Qe4+ 40. Qxe4 dxe4 41. Rxd8+ Rxd8 42. Rc6 Rd2 43. Rxa6 Rxb2 44. Rb6 Rxa2 45. Rxb5 Ra4 46. g4 h6 47. g5 hxg5 48. Rxg5 Kf7 49. Re5 Kf6 50. Rd5 Ke6 51. Rb5 Rc4 52. Kg3 Rc2 53. Rg5 Kf6 54. Rg4 Kf5 55. Rf4+ Ke5 56. Rf8 Rc1 57. Kg2 Rc2 1/2-1/2

[Event "Hessen-ch Seniors op 10th"]
[Site "Bad Sooden-Allendorf"]
[Date "2014.05.01"]
[Round "6"]
[White "Dietzsch, Dietmar"]
[Black "Lenk, Wolfgang"]
[Result "1/2-1/2"]
[WhiteElo "1963"]
[BlackElo "2185"]
[PlyCount "30"]
[EventDate "2014.04.26"]
[EventType "swiss"]
[EventRounds "9"]
[EventCountry "GER"]
[SourceTitle "EXT 2018"]
[Source "ChessBase"]
[SourceDate "2017.10.13"]
[SourceVersion "1"]
[SourceVersionDate "2017.10.13"]
[SourceQuality "1"]

1. d4 Nf6 2. c4 g6 3. Nc3 Bg7 4. e4 d6 5. h3 0-0 6. Nf3 Na6 7. Bg5 c5 8. d5 Qa5 9. Qd2 Nc7 10. Bd3 a6 11. 0-0 b5 12. Bh6 bxc4 13. Bxg7 Kxg7 14. Bxc4 Nb5 15. Rfe1 Re8 1/2-1/2

[Event "Hessen-ch Seniors op 10th"]
[Site "Bad Sooden-Allendorf"]
[Date "2014.04.27"]
[Round "2"]
[White "Dietzsch, Dietmar"]
[Black "Donchenko, Anatoly G"]
[Result "0-1"]
[WhiteElo "1963"]
[BlackElo "2373"]
[PlyCount "121"]
[EventDate "2014.04.26"]
[EventType "swiss"]
[EventRounds "9"]
[EventCountry "GER"]
[SourceTitle "EXT 2018"]
[Source "ChessBase"]
[SourceDate "2017.10.13"]
[SourceVersion "1"]
[SourceVersionDate "2017.10.13"]
[SourceQuality "1"]

1. d4 Nf6 2. Nf3 e6 3. e3 c5 4. Bd3 d5 5. b3 Nc6 6. 0-0 Be7 7. Bb2 Rb8 8. Ne5 Nxe5 9. dxe5 Nd7 10. c4 0-0 11. f4 f5 12. cxd5 exd5 13. Qh5 Nb6 14. Nd2 Be6 15. Rac1 Rc8 16. Qe2 a6 17. Rfd1 Nd7 18. Nf3 Qa5 19. Bc3 Qb6 20. Qd2 Qa7 21. Re1 g6 22. Rb1 b6 23. Qe2 a5 24. Bb5 Nb8 25. Red1 Nc6 26. Rd2 Rfd8 27. Rbd1 Qc7 28. Ba6 Rb8 29. Bb5 Na7 30. Bd3 b5 31. Qe1 b4 32. Ba1 Nb5 33. Bf1 Qa7 34. Qf2 a4 35. Rc1 axb3 36. axb3 Qa3 37. Rb1 Nc3 38. Bxc3 bxc3 39. Ra2 Qb4 40. Ra7 Rd7 41. Rxd7 Bxd7 42. Bd3 Ra8 43. Bc2 Ra2 44. Rd1 Be6 45. Ne1 Kf7 46. Nd3 Qb6 47. Ne1 Qa7 48. h3 h5 49. Nf3 Qa3 50. Rb1 Rb2 51. Rc1 Rxb3 52. Qe1 Rb2 53. Ra1 Ra2 54. Rxa2 Qxa2 55. Qxc3 Qa7 56. Kh2 Qb6 57. Qd3 Qa5 58. Kg3 Ke8 59. Kf2 Kd7 60. Nd2 Kc7 61. Nb3 0-1

[Event "Hessen-ch Seniors op 10th"]
[Site "Bad Sooden-Allendorf"]
[Date "2014.04.26"]
[Round "1"]
[White "Bill, Eugen"]
[Black "Dietzsch, Dietmar"]
[Result "0-1"]
[WhiteElo "1875"]
[BlackElo "1963"]
[PlyCount "61"]
[EventDate "2014.04.26"]
[EventType "swiss"]
[EventRounds "9"]
[EventCountry "GER"]
[SourceTitle "EXT 2018"]
[Source "ChessBase"]
[SourceDate "2017.10.13"]
[SourceVersion "1"]
[SourceVersionDate "2017.10.13"]
[SourceQuality "1"]

1. d4 d5 2. c4 c6 3. Nf3 Nf6 4. Nc3 e6 5. cxd5 exd5 6. Bg5 Be7 7. e3 Bf5 8. Bd3 Ne4 9. Bxe7 Qxe7 10. 0-0 Nd7 11. Rc1 0-0 12. a3 Rfe8 13. b4 a6 14. Qc2 Bg6 15. Na4 Rec8 16. Ne5 Nxe5 17. dxe5 Re8 18. f3 Ng5 19. Bxg6 hxg6 20. f4 Ne4 21. Nc3 Nxc3 22. Qxc3 f6 23. exf6 gxf6 24. Rf3 Kf7 25. g4 Rh8 26. Re1 Qe4 27. g5 Raf8 28. Ref1 Ke6 29. f5+ gxf5 30. Rxf5 Qg4+ 31. Kh1 0-1